Asian Countries With the Highest % of Population 0-14 Years Old - Statistics

General Stats
  • This quiz has been taken 9 times
  • The average score is 14 of 17
Answer Stats
% of Population 0-14 Years Old Country % Correct
30.34% Syria
100%
28.36% Bangladesh
88%
37.09% Iraq
88%
27.61% Israel
88%
31.23% Jordan
88%
32.67% Kyrgyzstan
88%
37.04% Pakistan
88%
36.51% Tajikistan
88%
31.67% Turkmenistan
88%
41.23% Yemen
88%
43.23% Afghanistan
75%
30.11% Cambodia
75%
30.56% Laos
75%
32.64% Mongolia
75%
28.71% Nepal
75%
28.61% Philippines
75%
30.87% Uzbekistan
75%
No matching quizzes found
Score Distribution
Percent of People with Each Score
Percentile by Number Answered
Your Score History
You have not taken this quiz